15 największych miast w woj. warmińsko-mazurskim - Statystyki

Ogólne statystyki
  • Ten quiz został rozwiązany 75 razy
  • Średni wynik to 12 z 15
Statystyki odpowiedzi
Hint Odpowiedź % Poprawnych
171 853 Olsztyn
100%
119 097 Elbląg
97%
62 125 Ełk
94%
29 236 Giżycko
87%
32 816 Ostróda
83%
33 315 Iława
81%
21 448 Mrągowo
80%
23 156 Bartoszyce
77%
23 026 Szczytno
77%
19 162 Pisz
70%
26 988 Kętrzyn
69%
15 628 Lidzbark Warmiński
64%
16 964 Braniewo
59%
21 216 Działdowo
57%
16 384 Olecko
57%
Nie znaleziono quizów pasujących do podanych kryteriów
Rozkład punktacji
Procent ludzi z każdym wynikiem
Percentyl według liczby udzielonych odpowiedzi
Twoja historia wyników
Nie rozwiązałeś tego quizu